000 00682nam a2200217Ia 4500
001 3288
003 GE_BSU
008 181216s||||||||xx |||||||||||||| ||und||
040 _cGE_BSU
080 _a517.53+517.55
100 _aГарнетт,ДЖ.
245 _aОграниченные аналитические функции=BOUNDED ANALYTIK FUNCTIONS.
245 _cПод.Ред.В.П.Хавина.
250 _aперевод с английского Е.М.Динькина.
260 _aМ.
260 _bМир.
260 _c1984.
300 _a469стр.с илл.
653 _aОграниченные аналитические функции.
942 _cBK
999 _c37329
_d37329